| 000 | 01025nam a2200277 c 4500 | ||
|---|---|---|---|
| 003 | BLK | ||
| 005 | 20180421000138.0 | ||
| 008 | 180411b bul|||||r ||||||| ||bul|| | ||
| 010 | _aKNG00191455000 | ||
| 020 |
_a954-439-004-9 _bиздат.: Слово |
||
| 040 | _aBLK | ||
| 041 |
_aBUL _cBUL |
||
| 080 |
_aБългарска литература _b821.163.2 _x-31 _z821.163.2-31 |
||
| 100 | 1 |
_aДелагер, Жорж _eпърви автор _959479 |
|
| 139 |
_aДелагер, Жорж _bД 36 |
||
| 245 | 1 | 0 |
_aШпионаж на Балканите _bРоман _cЖорж Делагер. |
| 257 | _aBGR | ||
| 260 |
_аВ. Търново _bСлово _c1991 |
||
| 380 | _aX | ||
| 500 | _aЖорж Делагер - псевд. на Георги Байкушев. - 12 000 тир. - 1. изд 1941 на изд. Звезда. | ||
| 852 | _aЦб 166056 | ||
| 856 | 4 |
_qpdf _u |
|
| 856 | 4 |
_qpdf _u |
|
| 942 |
_cKNG _n0 |
||
| 944 |
_aCR _c04.10.2016 _kНаталия_Любомирова |
||
| 944 |
_aED _c04.10.2016 _kНаталия_Любомирова |
||
| 999 |
_c182530 _d182530 |
||